004340000a22001210004500090001700000245011100017041001400128700004100142100003900183942001300222773006000235999001700295 aAsbSeriadas10aImpacto ecológico de la hormiga loca, Paratrechina fulva (Mayr) en el municipio de Cimitarra (Santander)0 aEspañol1 aZenner de Polanía, Ingeborg9983621 aMartínez Wilches, Orlando998361 cARTICULO1 tRevista Colombiana de Entomologíah1q14-22d1992g18 c15892d15892